书目信息 |
| 题名: |
电视解说词写作
|
|
| 作者: | 徐舫州 著 | |
| 分册: | ||
| 出版信息: | 北京 北京师范大学出版社 2001.07 |
|
| 页数: | 381页 | |
| 开本: | 20cm | |
| 丛书名: | 电视学系列教程 | |
| 单 册: | ||
| 中图分类: | G222.1 | |
| 科图分类: | ||
| 主题词: | 电视节目--dian shi jie mu--解说词--写作--教材 | |
| 电子资源: | ||
| ISBN: | 7-303-05830-3 | |
| 000 | 00992nam 2200253 450 | |
| 001 | CAL 012002219569 | |
| 005 | 20111228161635.67 | |
| 010 | @a7-303-05830-3@dCNY26.00 | |
| 100 | @a20020805d2001 em y0chiy0110 ea | |
| 101 | 0 | @achi |
| 102 | @aCN@b110000 | |
| 105 | @aa z 000yy | |
| 200 | 1 | @a电视解说词写作@Adian shi xie yue ci xie zuo@f徐舫州著 |
| 210 | @a北京@c北京师范大学出版社@d2001.07 | |
| 215 | @a381页@c图@d20cm | |
| 225 | 2 | @a电视学系列教程 |
| 314 | @a徐舫州,北京广播学院电视学院副教授,硕士研究生导师,著有《电视解说词写作》。 | |
| 330 | @a本书系统阐述了电视解说词创作的基本规律,通过符号学、语言学、心理学、社会学等方面的理论,对电视解说词的语言特点作了深入的理论分析。 | |
| 410 | 0 | @12001 @a电视学系列教程 |
| 606 | 0 | @a电视节目@Adian shi jie mu@x解说词@x写作@j教材 |
| 690 | @aG222.1@v4 | |
| 701 | 0 | @a徐舫州@AXu Fangzhou@c(北京广播学院教授)@4著@3CAL n2004075395#@7jt0yjt0y@7ec0yec0y |
| 801 | 0 | @aCN@bZZRC@c20111228 |
| 905 | @a郑州市财税学校图书馆@dG222.1@eX700@f3 | |
| 电视解说词写作/徐舫州著.-北京:北京师范大学出版社,2001.07 |
| 381页:图;20cm.-(电视学系列教程) |
| ISBN 7-303-05830-3:CNY26.00 |
| 本书系统阐述了电视解说词创作的基本规律,通过符号学、语言学、心理学、社会学等方面的理论,对电视解说词的语言特点作了深入的理论分析。 |
| ● |
| 相关链接 |
|
|
|
正题名:电视解说词写作
索取号:G222.1/X700
 
预约/预借
| 序号 | 登录号 | 条形码 | 馆藏地/架位号 | 状态 | 备注 |
| 1 | 1186255 | 211862554 | 社科库409/409社科库 58排1列4层/ [索取号:G222.1/X700] | 在馆 | |
| 2 | 1186256 | 211862563 | 社科库409/409社科库 58排1列4层/ [索取号:G222.1/X700] | 在馆 | |
| 3 | 1186257 | 211862572 | 社科库409/422社科库 43排1列2层/ [索取号:G222.1/X700] | 在馆 |